| 000 | 01282cam a2200325 a 4500 | ||
|---|---|---|---|
| 001 | 15144919 | ||
| 005 | 20080814094348.0 | ||
| 008 | 080116s2008 flua b 001 0 eng | ||
| 010 | _a2008002311 | ||
| 020 | _a9781574447873 (alk. paper) | ||
| 020 | _a1574447874 (alk. paper) | ||
| 035 | _a(OCoLC)ocn191024094 | ||
| 035 |
_a(OCoLC)191024094 _z(OCoLC)149650522 |
||
| 040 |
_aDLC _cDLC _dBAKER _dBTCTA _dYDXCP _dC#P _dBWX _dDLC |
||
| 050 | 0 | 0 |
_aTP690 _b.W427 2008 |
| 082 | 0 | 0 |
_a665.538 _222 _bWIE |
| 100 | 1 |
_aWiehe, Irwin A. _95160 |
|
| 245 | 1 | 0 |
_aProcess Chemistry of Petroleum Macromolecules / _cIrwin A. Wiehe. |
| 260 |
_aBoca Raton : _bCRC Press, _cc2008. |
||
| 300 |
_a427 p. : _bill. ; _c24 cm. |
||
| 490 | 1 |
_aChemical industries ; _v121 |
|
| 504 | _aIncludes bibliographical references and index. | ||
| 650 | 0 |
_aPetroleum _xRefining. _95161 |
|
| 650 | 0 |
_aCatalytic reforming. _95162 |
|
| 650 | 0 |
_aPetroleum _xResearch. _95163 |
|
| 830 | 0 |
_aChemical industries ; _vv. 121. _95164 |
|
| 942 |
_2ddc _cBB |
||
| 999 |
_c11622 _d11622 |
||